| 000 | 00443nam a2200157Ia 4500 | ||
|---|---|---|---|
| 003 | OSt | ||
| 005 | 20231207162401.0 | ||
| 008 | 230503s9999 xx 000 0 und d | ||
| 082 |
_a511.3 _bTIRV |
||
| 100 | _aTIRTHA, Krishna and PITHA, Govardhana | ||
| 245 | 0 | _aVedic Mathematics or Sixteen simple Mathematical Formulae from the vedas | |
| 260 |
_c2018 _aMotilal Banarsidass _bDelhi |
||
| 300 | _a367 | ||
| 650 | _aMathematics | ||
| 942 |
_cBK _2ddc |
||
| 999 |
_c2269 _d2269 |
||